The beginning. / (Record no. 109943)
[ view plain ]
| 000 -LEADER | |
|---|---|
| fixed length control field | 00328nam a2200121 a 4500 |
| 005 - DATE AND TIME OF LATEST TRANSACTION | |
| control field | 20140414131846.0 |
| 008 - FIXED-LENGTH DATA ELEMENTS--GENERAL INFORMATION | |
| fixed length control field | 100526s19uu xx 00 eng d |
| 050 ## - LIBRARY OF CONGRESS CALL NUMBER | |
| Classification number | M 220.9 |
| Item number | Sa9 1988 |
| 100 ## - MAIN ENTRY--PERSONAL NAME | |
| Personal name | Saxena, Vinay |
| 245 ## - TITLE STATEMENT | |
| Title | The beginning. / |
| Statement of responsibility, etc | Vinay Saxena. |
| 260 ## - PUBLICATION, DISTRIBUTION, ETC. (IMPRINT) | |
| Place of publication, distribution, etc | Delhi, India : |
| Name of publisher, distributor, etc | Dreamland Pub., |
| Date of publication, distribution, etc | 1988. |
| Withdrawn status | Lost status | Damaged status | Home library | Current library | Shelving location | Date acquired | Source of acquisition | Total Checkouts | Full call number | Barcode | Date last seen | Price effective from | Koha item type |
|---|---|---|---|---|---|---|---|---|---|---|---|---|---|
| Munich Library | Munich Library | Main Section | 05/26/2010 | M 220.9 Sa9 1988 | M0145 | 04/14/2014 | 04/14/2014 | Books |